00507nam a2200193 a 4500001001300000003000900013005001700022008004100039020001000080082002000090100002600110245003900136260004200175300000900217500003500226505001000261650001600271700002600287nice12345678IN_TiNIC20260116012712.0050524s1984 dela grp 000 0 eng  ac17500a305.40954bKRI2 aKrishnaswamy, Shantha aWoman in Indian Fiction in English aDelhibAshish Publishing House c1984 a364p aincludes index and biblioraphy2 aIndex aWomen-India1 aKrishnaswamy, Shantha